00720 2200253 4500001002100000005001700021008004100038020001800079035002400097082001200121090001900133100001900152245011600171250001200287260003700299300002500336650001600361700001700377700002100394850001500415980001500430985000600445999001500451YOGYA-0209000003210220090227024642.0 ind  a979-514-653-X 0010-020900000032102 a297.673 a297.673bBai B aBAIHAQI, M.I.F aBidadari di serambi hatibkado pernikahan prihatincM.I.F. Baihaqi ; penyunting, Cucu Cuanda dan Miftah Fauzi R aCet. 12 aBandungbRemaja Rosdakaryac1998 axxxv, 167 hlmc18 cm aPuisi Islam aCuanda, Cucu aFauzi R., Miftah aYOPDYOG(B) a02-24-2007 a1 a99P0116071